[Event "EU-ch Schools U17"]
[Site "Limerick"]
[Date "2024.06.06"]
[Round "8"]
[White "Sheahan, Ben"]
[Black "Starosciak, Szymon"]
[Result "0-1"]
[WhiteElo "2080"]
[BlackElo "1983"]
[PlyCount "128"]
[EventDate "2024.05.31"]
[EventType "swiss"]
[EventRounds "9"]
[EventCountry "IRL"]
[SourceTitle "CB24_2024"]
[SourceDate "2024.06.12"]
[SourceVersion "1"]
[SourceVersionDate "2024.06.12"]
[SourceQuality "1"]

1. d4 Nf6 2. Nf3 g6 3. c4 Bg7 4. Nc3 d6 5. e4 0-0 6. Be2 e5 7. 0-0 Nc6 8. d5 Ne7 9. Bg5 h6 10. Bxf6 Bxf6 11. b4 Bg7 12. c5 f5 13. Bd3 Kh7 14. Nd2 f4 15. Be2 Ng8 16. a4 Nf6 17. a5 g5 18. h3 Rg8 19. c6 bxc6 20. dxc6 Bf8 21. Bc4 Rg7 22. f3 Rb8 23. Ra4 g4 24. hxg4 h5 25. Kf2 hxg4 26. Rh1+ Kg6 27. Nd5 g3+ 28. Ke2 Be7 29. b5 Kg5 30. Nxf6 Bxf6 31. Nb1 a6 32. bxa6 Qe8 33. Qd5 Re7 34. Bb5 Be6 35. Qd3 Qg8 36. Nc3 Rh7 37. Rg1 Ra8 38. Nd5 Qb8 39. Raa1 Qa7 40. Kd2 Rb8 41. Rab1 Rh2 42. Bc4 Rxb1 43. Qxb1 Qd4+ 44. Bd3 Bxd5 45. exd5 e4 46. fxe4 Qf2+ 47. Be2 Qe3+ 48. Kc2 Qxe2+ 49. Kb3 Qb5+ 50. Kc2 Qxa6 51. Qb8 Qc4+ 52. Kb1 Qxe4+ 53. Kc1 Qxd5 54. a6 Qxc6+ 55. Kd1 Rh8 56. a7 Qb6 57. Qxh8 Bxh8 58. a8Q Qxg1+ 59. Kc2 Qc5+ 60. Kd2 Bf6 61. Qg8+ Kf5 62. Qc8+ Ke4 63. Qe6+ Qe5 64. Qc4+ Qd4+ 0-1

[Event "EU-ch Schools U17"]
[Site "Limerick"]
[Date "2024.06.04"]
[Round "6"]
[White "Yilmaz, Kerem Tuna"]
[Black "Sheahan, Ben"]
[Result "1-0"]
[WhiteElo "2039"]
[BlackElo "2080"]
[PlyCount "81"]
[EventDate "2024.05.31"]
[EventType "swiss"]
[EventRounds "9"]
[EventCountry "IRL"]
[SourceTitle "CB24_2024"]
[SourceDate "2024.06.12"]
[SourceVersion "1"]
[SourceVersionDate "2024.06.12"]
[SourceQuality "1"]

1. e4 e6 2. d4 d5 3. Nd2 Nf6 4. e5 Nfd7 5. Bd3 c5 6. c3 Nc6 7. Ne2 cxd4 8. cxd4 f6 9. exf6 Nxf6 10. 0-0 Bd6 11. Nf3 0-0 12. Ng3 e5 13. dxe5 Nxe5 14. Nxe5 Bxe5 15. Bg5 Qd6 16. Bxf6 Rxf6 17. Re1 g6 18. Bc2 Be6 19. Qd2 Raf8 20. Re2 Qc5 21. Rf1 Bd4 22. Bb3 Kg7 23. h3 Bd7 24. Nh1 Bc6 25. Rd1 Bb5 26. Qxd4 Qxd4 27. Re7+ R8f7 28. Rxf7+ Kxf7 29. Rxd4 Ke7 30. Rxd5 Bc6 31. Re5+ Kd6 32. Re3 Rf4 33. Rd3+ Ke5 34. Ng3 h5 35. Re3+ Kf6 36. Re6+ Kg7 37. Bc2 h4 38. Rxg6+ Kf7 39. Nh5 Rd4 40. Rg4 Rd2 41. Bb3+ 1-0

[Event "Dublin op"]
[Site "Dublin"]
[Date "2024.01.07"]
[Round "7"]
[White "Liu, Jason1"]
[Black "Sheahan, Ben"]
[Result "1/2-1/2"]
[WhiteElo "1946"]
[BlackElo "2025"]
[PlyCount "68"]
[EventDate "2024.01.04"]
[EventType "swiss"]
[EventRounds "7"]
[EventCountry "IRL"]
[SourceTitle "CB02_2024"]
[SourceDate "2024.01.10"]
[SourceVersion "1"]
[SourceVersionDate "2024.01.10"]
[SourceQuality "1"]

1. e4 e6 2. Nc3 d5 3. Nf3 Nf6 4. e5 Nfd7 5. d4 c5 6. dxc5 Nc6 7. Bf4 Bxc5 8. Bd3 Be7 9. h4 Nc5 10. Bg3 a6 11. Ne2 f6 12. Ned4 f5 13. Bf4 Qb6 14. Nb3 Qb4+ 15. Qd2 Nxd3+ 16. cxd3 Bd7 17. 0-0 Qxd2 18. Bxd2 h6 19. Na5 Nxa5 20. Bxa5 Bc6 21. Rfc1 g5 22. Nd4 Kd7 23. h5 Rhc8 24. a4 Rab8 25. Bb6 Bb4 26. Ba7 Ra8 27. Bc5 Bxc5 28. Rxc5 b6 29. Rxc6 Rxc6 30. Nxc6 Kxc6 31. Rc1+ Kd7 32. b4 Rc8 33. Rxc8 Kxc8 34. d4 Kc7 1/2-1/2

[Event "Wch U16"]
[Site "Montesilvano"]
[Date "2023.11.23"]
[Round "10"]
[White "Zlatkov, Anton"]
[Black "Sheahan, Ben"]
[Result "1/2-1/2"]
[WhiteElo "2220"]
[BlackElo "2008"]
[PlyCount "108"]
[EventDate "2023.11.13"]
[EventType "swiss"]
[EventRounds "11"]
[EventCountry "ITA"]
[SourceTitle "CB48_2023"]
[SourceDate "2023.11.29"]
[SourceVersion "1"]
[SourceVersionDate "2023.11.29"]
[SourceQuality "1"]

1. Nf3 Nf6 2. c4 c5 3. d4 cxd4 4. Nxd4 e5 5. Nb5 Bc5 6. Be3 d6 7. Bxc5 dxc5 8. Nd6+ Ke7 9. Nxc8+ Qxc8 10. Nc3 Rd8 11. Qb3 Nc6 12. e3 b6 13. Be2 Qe6 14. 0-0 Rd7 15. Nd5+ Kf8 16. Qa4 Rad8 17. Rad1 Ne7 18. Nxf6 gxf6 19. h3 Qc6 20. Qc2 Kg7 21. a3 a5 22. Bg4 Rd6 23. Bf3 Qc7 24. Be4 h6 25. Qe2 Qd7 26. Rxd6 Qxd6 27. Qg4+ Kh8 28. Qh5 Kg7 29. Qg4+ Kh8 30. Bc2 Qe6 31. Qe2 f5 32. Rd1 Rxd1+ 33. Qxd1 Kg7 34. Qd8 Ng6 35. Bd3 Ne7 36. Be2 Ng6 37. g3 Ne7 38. h4 f4 39. e4 fxg3 40. fxg3 Ng6 41. Kg2 Ne7 42. b3 Ng6 43. Bh5 Nf8 44. Qc7 Qf6 45. Bg4 Ne6 46. Bxe6 Qxe6 47. Qd8 a4 48. Qd3 axb3 49. Qxb3 Qd6 50. Qc2 Qd4 51. a4 Kf8 52. Qe2 Ke7 53. Qc2 Kd8 54. Kf3 Ke7 1/2-1/2

[Event "IRL-ch 102nd"]
[Site "Dublin"]
[Date "2023.08.08"]
[Round "4"]
[White "Sheahan, Ben"]
[Black "O'Cuilleanain, Oisin"]
[Result "0-1"]
[WhiteElo "1967"]
[BlackElo "2097"]
[PlyCount "138"]
[EventDate "2023.08.05"]
[EventType "swiss"]
[EventRounds "9"]
[EventCountry "IRL"]
[SourceTitle "CBM 215 Extra"]
[Source "ChessBase"]
[SourceDate "2023.09.30"]
[SourceVersion "1"]
[SourceVersionDate "2023.09.30"]
[SourceQuality "1"]

1. d4 Nf6 2. Nf3 e6 3. g3 b6 4. Bg2 Bb7 5. 0-0 Be7 6. c4 0-0 7. Nc3 Ne4 8. Qc2 Nxc3 9. Qxc3 Bf6 10. Qd3 d5 11. Bf4 c5 12. Be5 Bxe5 13. dxe5 Nd7 14. Rfd1 d4 15. Ng5 Qxg5 16. Bxb7 Rab8 17. f4 Nxe5 18. Qe4 Qe7 19. Qxe5 Rxb7 20. Rd2 Rd7 21. Rad1 Rfd8 22. Qe4 Qf6 23. Rd3 g6 24. Kg2 Qe7 25. b3 a6 26. R1d2 Rd6 27. Rc2 Qc7 28. Kg1 Kg7 29. a3 Qc6 30. Qxc6 Rxc6 31. Kf2 Re8 32. e3 dxe3+ 33. Kxe3 e5 34. fxe5 Rxe5+ 35. Kf2 Rf6+ 36. Kg2 Re1 37. h4 h5 38. Rf2 Rxf2+ 39. Kxf2 Rb1 40. a4 Kf8 41. Re3 Rb2+ 42. Kf3 f6 43. Rd3 Ke7 44. Re3+ Kd6 45. Rd3+ Ke5 46. Rd5+ Ke6 47. Rd3 g5 48. hxg5 fxg5 49. Ke4 Rg2 50. Kf3 Rb2 51. Ke4 Rf2 52. Rd5 Re2+ 53. Kf3 Re5 54. Rd8 g4+ 55. Kf2 Rf5+ 56. Kg2 Rf3 57. Rb8 Rxb3 58. a5 Rb2+ 59. Kf1 Ke5 60. axb6 Kd4 61. b7 Kxc4 62. Ke1 a5 63. Kd1 a4 64. Ra8 Rxb7 65. Rxa4+ Kd3 66. Ra3+ Ke4 67. Ra5 Kf3 68. Rxc5 Kxg3 69. Rxh5 Re7 0-1

[Event "Dublin-ch Final Weekender 100th"]
[Site "Dublin"]
[Date "2021.08.21"]
[Round "3"]
[White "Sheahan, Ben"]
[Black "Lynch, Peter J"]
[Result "1/2-1/2"]
[WhiteElo "1290"]
[BlackElo "1661"]
[PlyCount "56"]
[EventDate "2021.08.20"]
[EventType "swiss"]
[EventRounds "5"]
[EventCountry "IRL"]
[SourceTitle "CBM 204 Extra"]
[Source "ChessBase"]
[SourceDate "2021.11.30"]
[SourceVersion "1"]
[SourceVersionDate "2021.11.30"]
[SourceQuality "1"]

1. d4 d5 2. c4 e6 3. cxd5 exd5 4. Nc3 Nf6 5. Bg5 Nbd7 6. Nf3 c6 7. e3 Qa5 8. Bd3 Bb4 9. Qc2 0-0 10. 0-0 Bxc3 11. bxc3 Re8 12. c4 h6 13. Bf4 dxc4 14. Bxc4 Nd5 15. Bxd5 Qxd5 16. Nd2 b6 17. Nb3 Bb7 18. f3 c5 19. e4 Qh5 20. dxc5 Nxc5 21. Rfd1 Rac8 22. Nxc5 Rxc5 23. Qa4 Ra8 24. Rac1 Bc6 25. Qa3 Rxc1 26. Rxc1 Qb5 27. Qc3 Rc8 28. Be5 f6 1/2-1/2